000 01926nam a22002777a 4500
001 6012
003 FISKH
005 20250220110439.0
008 250220b cb ||||| |||| 00| 0 eng d
020 _a9780553176988
_c$15.00
040 _aDLC
_cDLC
_dDLC
_beng
050 _aQB981.H377
082 _a523.1
100 1 _aHawking, Stephen,
_d1942-2018.
245 1 2 _aA brief history of time :
_bFrom the big bang to black holes /
_cStephen W. Hawking.
250 _aThis edition published in 2016
260 _aLondon :
_bBantam Books,
_c1988
300 _a254 pages :
_billustrations ;
_c18 cm
511 0 _aRead by Nelson Runger.
520 _a"In the ten years since its publication in 1988, Stephen Hawking's classic work has become a landmark volume in scientific writing, with more than nine million copies in forty languages sold worldwide. That edition was on the cutting edge of what was then known about the origins and nature of the universe. But the intervening years have seen extraordinary advances in the technology of observing both the micro- and the macrocosmic worlds. These observations have confirmed many of Professor Hawking's theoretical predictions in the first edition of his book, including the recent discoveries of the Cosmic Background Explorer satellite (COBE), which probed back in time to within 300,000 years of the universe's beginning and revealed wrinkles in the fabric of space-time that he had projected." "Eager to bring to his original text the new knowledge revealed by these observations, as well as his own recent research, Professor Hawking has prepared a new introduction to the book, written an entirely new chapter on wormholes and time travel, and updated the chapters throughout."--Jacket.
650 0 _aCosmology.
_2Non-fiction
650 0 _2History of science
_vPhysics
906 _a7
_bcbc
_corignew
_d2
_encip
_f19
_gy-genmusic
942 _2ddc
_cBK
_n0
999 _c6012
_d6012